MARC

LEADER 00000nam0a2200000 4500
001 93610
005 20231031105252.0
035 |a (RuTPU)RU\TPU\book\100222 
090 |a 93610 
100 |a 20060330d1964 m y0rusy50 ca 
101 1 |a rus  |c eng 
102 |a RU 
105 |a a gj 001zy 
200 1 |a Термоэлектрические материалы и преобразователи  |e [курс лекций]  |e пер. с англ.  |f Н. Фушилло [и др.]  |g под ред. А. И. Карчевского 
210 |a Москва  |c Мир  |d 1964 
215 |a 352 с.  |c ил. 
320 |a Библиография в конце глав. 
610 1 |a термоэлектрические материалы 
610 1 |a термоэлектрические явления 
610 1 |a термоэлектрические цепи 
610 1 |a термоэлектрическая эмиссия 
610 1 |a термоэлектрические материалы 
610 1 |a термоэлектрические свойства 
610 1 |a термоэлектрические преобразователи 
610 1 |a термоэлектрические холодильники 
610 1 |a теплопроводность 
610 1 |a коэффициент теплопроводности 
610 1 |a коэффициент полезного действия 
610 1 |a тугоплавкие материалы 
610 1 |a термоэлектрические генераторы 
610 1 |a преобразователи энергии 
610 1 |a ядерные источники 
610 1 |a ядерные источники тепла 
610 1 |a курс лекций 
675 |a 621.36(075.8)  |v 3 
675 |a 621.314.5(075.8)  |v 3 
701 1 |a Фушилло  |b Н. 
701 1 |a Кэдофф  |b И. 
701 1 |a Миллер  |b Э. 
702 1 |a Карчевский  |b А. И.  |4 340 
801 1 |a RU  |b 63413507  |c 20060330  |g PSBO 
801 2 |a RU  |b 63413507  |c 20190617  |g PSBO 
942 |c BK